000 00553nam a22001937a 4500
999 _c172820
_d172820
005 20200213124226.0
010 _a498983
020 _c40.00
_a-
035 _a498983
037 _bBPPD
082 _a921
100 _aز ا کر حسين
245 _aنز ر ذ ا کر
_cز ا کر حسين
246 _aNazr-e-Zakir
_bby Dr.Zakir Hussain
260 _aN.Delhi
_bMaktaba Jamia Ltd.
_c1968
270 _aJamia Nagar Okhla,
_bN.Delhi
_e25
_k-
_l-
_m-
300 _a1200 ص
_c21 Cm.(P.b)
942 _2ddc
_cUR
_h921
_mذ ا ک